Tous les footballeurs à 100 Millions d'€ - Statistiques

Statistiques générales
  • Ce quiz a été pris 129 fois
    8 depuis la dernière actualisation
  • Le résultat moyen est 38 sur 56
Statistiques - réponses
Club Pays Position Valeur marchande max Joueur % Correct
Manchester City Norvège AC €200m Erling Haaland
100%
FC Barcelone Espagne AiD €200m Lamine Yamal
100%
Real Madrid Brésil AiG €200m Vinicius Junior
100%
Atlético de Madrid France 2S €150m Antoine Griezmann
88%
Real Madrid Portugal AC €120m Cristiano Ronaldo
88%
Chelsea FC Belgique AiG €150m Eden Hazard
88%
Real Madrid Angleterre MO €180m Jude Bellingham
88%
Manchester City Belgique MO €150m Kevin de Bruyne
88%
Paris Saint-Germain France AC €200m Kylian Mbappé
88%
FC Barcelone Argentine AiD €180m Lionel Messi
88%
Bayern Munich France AiD €140m Michael Olise
88%
Liverpool FC Égypte AiD €150m Mohamed Salah
88%
Paris Saint-Germain Brésil MO €180m Neymar
88%
FC Barcelone France AC €120m Ousmane Dembélé
88%
Manchester City Espagne MDC €130m Rodri
88%
Liverpool FC Sénégal AiG €150m Sadio Mané
88%
Liverpool FC Suède AC €140m Alexander Isak
75%
Arsenal FC Angleterre AiD €150m Bukayo Saka
75%
Inter Milan Argentine AC €110m Lautaro Martinez
75%
SSC Napoli Nigéria AC €120m Victor Osimhen
75%
Real Madrid Uruguay MC €130m Federico Valverde
75%
Bayer 04 Leverkusen Allemagne MO €140m Florian Wirtz
75%
Tottenham Hotspur Angleterre AC €150m Harry Kane
75%
Borussia Dortmund Angleterre AiG €130m Jadon Sancho
75%
Bayern Munich Allemagne MO €140m Jamal Musiala
75%
Paris Saint-Germain Portugal MC €110m João Neves
75%
Arsenal FC Norvège MO €110m Martin Ødegaard
75%
FC Barcelone Espagne MC €150m Pedri
75%
Manchester City Angleterre MO €150m Phil Foden
75%
FC Barcelone Brésil MO €150m Philippe Coutinho
75%
Real Madrid Brésil AiD €110m Rodrygo
75%
Paris Saint-Germain Portugal MDC €110m Vitinha
75%
Chelsea FC Angleterre MO €130m Cole Palmer
63%
Arsenal FC Angleterre MC €120m Declan RIce
63%
Real Madrid France MDC €100m Aurélien Tchouaméni
63%
Manchester City Portugal MO €100m Bernardo Silva
63%
Chelsea FC Équateur MDC €110m Moisés Caicedo
63%
Manchester United Belgique AC €100m Romelu Lukaku
63%
Real Madrid France MC €100m Eduardo Camavinga
63%
Manchester City Angleterre AiG €100m Jack Grealish
63%
Chelsea FC France MDC €100m N'golo Kanté
63%
Liverpool FC Argentine MC €100m Alexis Mac Allister
50%
Atlético de Madrid Argentine AC €100m Julián Alvarez
50%
Atlético de Madrid Slovénie GdB €100m Jan Oblak
50%
Atlético de Madrid Portugal 2S €100m João Félix
50%
Manchester United France MC €100m Paul Pogba
50%
Manchester City Angleterre AiD €160m Raheem Sterling
50%
Liverpool FC Angleterre ArD €110m Trent Alexander-Arnold
50%
Liverpool FC Pays-Bas DC €100m Virgil Van Dijk
50%
Tottenham Hotspur Danemark MO €100m Christian Eriksen
38%
Juventus FC Argentine 2S €110m Paulo Dybala
38%
Liverpool FC Hongrie MO €100m Dominik Szoboszlai
38%
Tottenham Hotspur Angleterre MO €100m Dele Alli
25%
FC Barcelone Espagne MO €100m Fermín López
25%
Manchester City Allemagne AiD €100m Leroy Sané
25%
Inter Milan Argentine AC €100m Mauro Icardi
13%
Aucun quiz correspondant
Distribution des résultats
% des personnes avec chaque résultat
Percentile par nombre de réponses
Votre historique - résultats
Vous n’avez pas pris ce quiz depuis la dernière actualisation